THE ECOMICS OF AFFORESTATION A CASE STUDY IN AFRICA (Record no. 10641)

MARC details
000 -LEADER
fixed length control field 00474nam a22001697a 4500
003 - CONTROL NUMBER IDENTIFIER
control field OSt
005 - DATE AND TIME OF LATEST TRANSACTION
control field 20211008092115.0
008 - FIXED-LENGTH DATA ELEMENTS--GENERAL INFORMATION
fixed length control field 211008b |||||||| |||| 00| 0 eng d
020 ## - INTERNATIONAL STANDARD BOOK NUMBER
International Standard Book Number 0-8018-3552-6
040 ## - CATALOGING SOURCE
Transcribing agency HAWASSA UNIVERSITY
050 ## - LIBRARY OF CONGRESS CALL NUMBER
Classification number 338.17490967/AND
Item number 1
082 ## - DEWEY DECIMAL CLASSIFICATION NUMBER
Classification number 338.17490967/AND
Item number 1
100 ## - MAIN ENTRY--PERSONAL NAME
Personal name ANDERSON DENNIS
Fuller form of name ANDERSON DENNIS
9 (RLIN) 11498
245 ## - TITLE STATEMENT
Title THE ECOMICS OF AFFORESTATION A CASE STUDY IN AFRICA
260 ## - PUBLICATION, DISTRIBUTION, ETC.
Place of publication, distribution, etc. LONDON
Date of publication, distribution, etc. 1987
942 ## - ADDED ENTRY ELEMENTS (KOHA)
Source of classification or shelving scheme Dewey Decimal Classification
Koha item type Books like text book referance book
Suppress in OPAC No
Holdings
Withdrawn status Lost status Source of classification or shelving scheme Damaged status Not for loan Home library Current library Date acquired Total Checkouts Full call number Barcode Date last seen Copy number Price effective from Koha item type
    Dewey Decimal Classification     College of Agriculture Library College of Agriculture Library 10/08/2021   338.17490967/AND ALIB003886 10/08/2021 1 10/08/2021 Books like text book referance book